000 00328nam a2200133Ia 4500
008 191201s1988 xx 000 0 und d
082 _a677.064
_bDSF
100 _aD' Souza, Noemia
245 0 _aFabric Care
260 _aN.Delhi
_bNew Age International (P) ltd
_c1988
300 _a166
650 _aB.Tech(TE)
942 _2ddc
_cBK
999 _c2278
_d2278